000 01881 a2200193 4500
001 53259
005 20260407155807.0
008 260407a arg spa d
003 AR-UNSa-BCEJYS
040 _aAR-UNSa-BCEJYS
_bspa
_cAR-UNSa-BCEJYS
080 _a336.71
_xBancos. Sistema bancario
245 1 0 _aBanco interamericano de desarrollo
_psus antecedentes y creación
264 1 _aWashington :
_bBanco Interamericano de Desarrollo
300 _a160 p.
_c23 cm.
505 _a1. La idea de creación de un organismo financiero regional en las conferencias panamericanas(1890-1938) - 2. El proyecto de Banco Interamericano del comité consultivo económico y financiero(1940) - 3. Los acuerdos de Bretton Woods(1994) y su impacto en la creación del Banco Interamericano - 4. Esbozo sobre la nueva orientación económica en las conferencias panamericanas (1945-1954) - 5. Los informes técnicos elevados a la reunión de los ministros de hacienda o economía en petrópolis(Quitandinha,Brasil, 1954) - 6. La reunión de los ministros de hacienda o economía en PetrópoliS, Quitandinha,Brasil(22 de Noviembre al 2 de Diciembre de 1954 - 7. El proyecto de convenio del Banco Interamericano de desarrollo Económico de la comisión de expertos(1955)"Proyecto de Santiago" - 8. Las iniciativas formuladas en el Bienio 1956-57 referentes al establecimiento de un organismo financiero regional - 9. Antecedentes del año 1958 sobre la creación del Banco Interamericano - 10. La negociación y redacción del convenio constitutivo del Banco Interamericano de Desarrollo (8 de enero-8 de Abril de 1959) - 11. La comisión preparatoria del Banco Interamericano de Desarrollo (15 de septiembre de 1959 al 2 de febreo de 19609 y la primera asamblea de gobernadores (3 al 16 de febrero de 1960)
942 _cBK
590 _aniveau_biblio:m niveau_hierar:0
100 1 _aBroide, Julio
999 _c5163
_d5163